<?xml version="1.0" encoding="UTF-8"?><?xml-stylesheet type="text/xsl" href="static/style.xsl"?><OAI-PMH xmlns="http://www.openarchives.org/OAI/2.0/" xmlns:xsi="http://www.w3.org/2001/XMLSchema-instance" xsi:schemaLocation="http://www.openarchives.org/OAI/2.0/ http://www.openarchives.org/OAI/2.0/OAI-PMH.xsd"><responseDate>2026-04-18T00:13:07Z</responseDate><request verb="GetRecord" identifier="oai:www.recercat.cat:2072/440321" metadataPrefix="marc">https://recercat.cat/oai/request</request><GetRecord><record><header><identifier>oai:recercat.cat:2072/440321</identifier><datestamp>2025-05-08T08:49:06Z</datestamp><setSpec>com_2072_98</setSpec><setSpec>col_2072_378192</setSpec></header><metadata><record xmlns="http://www.loc.gov/MARC21/slim" xmlns:dcterms="http://purl.org/dc/terms/" xmlns:xsi="http://www.w3.org/2001/XMLSchema-instance" xmlns:doc="http://www.lyncode.com/xoai" xsi:schemaLocation="http://www.loc.gov/MARC21/slim http://www.loc.gov/standards/marcxml/schema/MARC21slim.xsd">
   <leader>00925njm 22002777a 4500</leader>
   <datafield ind2=" " ind1=" " tag="042">
      <subfield code="a">dc</subfield>
   </datafield>
   <datafield ind2=" " ind1=" " tag="720">
      <subfield code="a">Valero Sancho, José Luis</subfield>
      <subfield code="e">author</subfield>
   </datafield>
   <datafield ind2=" " ind1=" " tag="720">
      <subfield code="a">Morera-Vidal, Francesc</subfield>
      <subfield code="e">author</subfield>
   </datafield>
   <datafield ind2=" " ind1=" " tag="260">
      <subfield code="c">2019</subfield>
   </datafield>
   <datafield ind2=" " ind1=" " tag="520">
      <subfield code="a">Este documento contiene un método de evaluación para la infografía, ideado inicialmente para la comparación comunicativa con otros documentos de idénticos contenidos, presentados por medio de textos escritos, que fueron probados en una investigación exitosa sobre la efectividad comunicativa de la visualización infografía. Se muestra el diseño de la investigación que permitió obtener resultados y conclusiones de gran fiabilidad para la comparación. En el presente estudio pretendemos mostrar los criterios con los que fueron investigadas determinadas infografías seleccionadas, con unos criterios concretos, gracias a unas pruebas previas personales y tras establecer y preparar los criterios generales para una consulta telemática masiva, se enviaron y recibieron por medio de un sistema digital en línea, que permitió determinar los conocimientos adquiridos por los intérpretes, sobre el documento que se les presentó.</subfield>
   </datafield>
   <datafield ind2=" " ind1=" " tag="520">
      <subfield code="a">This document contains an evaluation method for the infographic, initially designed for the communicative comparison with other documents of identical contents, presented by means of written texts, which were proven in a successful investigation on the communicative effectiveness of the infographic visualization. It shows the research design that allowed obtaining results and conclusions of great reliability for the comparison. In the present study we intend to show the criteria with which selected selected infographics were investigated, with specific criteria, thanks to previous personal tests and after establishing and, after preparing the general criteria for a mass telematic consultation, they were sent and received by means of of a on line digital system, which allowed to determine the knowledge acquired by the interpreters, about what was document presented to them.</subfield>
   </datafield>
   <datafield tag="653" ind2=" " ind1=" ">
      <subfield code="a">Infografía</subfield>
   </datafield>
   <datafield tag="653" ind2=" " ind1=" ">
      <subfield code="a">Intérprete</subfield>
   </datafield>
   <datafield tag="653" ind2=" " ind1=" ">
      <subfield code="a">Audiencias</subfield>
   </datafield>
   <datafield tag="653" ind2=" " ind1=" ">
      <subfield code="a">Visualización</subfield>
   </datafield>
   <datafield tag="653" ind2=" " ind1=" ">
      <subfield code="a">Comunicación</subfield>
   </datafield>
   <datafield tag="653" ind2=" " ind1=" ">
      <subfield code="a">Evaluación</subfield>
   </datafield>
   <datafield tag="653" ind2=" " ind1=" ">
      <subfield code="a">Infographics</subfield>
   </datafield>
   <datafield tag="653" ind2=" " ind1=" ">
      <subfield code="a">Evaluation</subfield>
   </datafield>
   <datafield tag="653" ind2=" " ind1=" ">
      <subfield code="a">Interpreter</subfield>
   </datafield>
   <datafield tag="653" ind2=" " ind1=" ">
      <subfield code="a">Audiences</subfield>
   </datafield>
   <datafield tag="653" ind2=" " ind1=" ">
      <subfield code="a">Visualisation</subfield>
   </datafield>
   <datafield tag="653" ind2=" " ind1=" ">
      <subfield code="a">Communication</subfield>
   </datafield>
   <datafield ind2="0" ind1="0" tag="245">
      <subfield code="a">La visualización infográfica : estudio de su efectividad en la interpretación de audiencias activas</subfield>
   </datafield>
</record></metadata></record></GetRecord></OAI-PMH>